[Event "SE-2015-0-00210"]
[Site "LSS email"]
[Date "2015.10.01"]
[Round "?"]
[White "Morau, Jose Roberto"]
[Black "Ausan, Leo Tito Jr"]
[Result "0-1"]
[WhiteElo "1424"]
[BlackElo "1296"]
[PlyCount "40"]
[EventDate "2015.08.22"]
[EventType "tourn (corr)"]
[EventRounds "6"]
[EventCountry "GER"]
[SourceTitle "Corr 2022"]
[Source "ChessBase"]
[SourceDate "2021.10.24"]
[SourceVersion "1"]
[SourceVersionDate "2021.10.24"]
[SourceQuality "1"]

1. e4 c5 2. Nc3 Nc6 3. Nf3 Nf6 4. Bb5 a6 5. Bxc6 bxc6 6. 0-0 g6 7. e5 Nd5 8. Nxd5 cxd5 9. Re1 e6 10. d4 Qc7 11. Bg5 Bg7 12. Bf6 0-0 13. Be7 Re8 14. Bxc5 a5 15. Qd2 Rb8 16. Bd6 Qb6 17. Bxb8 Qxb8 18. Qxa5 Qxb2 19. Rab1 Qxc2 20. Rec1 Qd3 0-1

[Event "SE-2015-0-00209"]
[Site "LSS email"]
[Date "2015.09.11"]
[Round "?"]
[White "Morau, Jose Roberto"]
[Black "Casser, Aaron"]
[Result "0-1"]
[WhiteElo "1424"]
[BlackElo "1466"]
[PlyCount "46"]
[EventDate "2015.07.31"]
[EventType "tourn (corr)"]
[EventRounds "6"]
[EventCountry "GER"]
[SourceTitle "Corr 2022"]
[Source "ChessBase"]
[SourceDate "2021.10.24"]
[SourceVersion "1"]
[SourceVersionDate "2021.10.24"]
[SourceQuality "1"]

1. e4 e6 2. Nc3 d5 3. d4 c5 4. exd5 exd5 5. Bb5+ Nc6 6. Nf3 a6 7. Qe2+ Be7 8. Bxc6+ bxc6 9. 0-0 cxd4 10. Nxd4 Qc7 11. Re1 Rb8 12. b3 Kf8 13. Bg5 f6 14. Bh4 Qd7 15. Qf3 Kf7 16. Bg3 Rb7 17. Rad1 Bb4 18. a3 Bxa3 19. Ne6 Ne7 20. Na4 Qe8 21. Nec5 Bxc5 22. Nxc5 Ra7 23. Bb8 Ra8 0-1

[Event "SE-2015-0-00209"]
[Site "LSS email"]
[Date "2015.09.07"]
[Round "?"]
[White "Linart, Ludvik"]
[Black "Morau, Jose Roberto"]
[Result "0-1"]
[WhiteElo "1519"]
[BlackElo "1424"]
[PlyCount "44"]
[EventDate "2015.07.31"]
[EventType "tourn (corr)"]
[EventRounds "6"]
[EventCountry "GER"]
[SourceTitle "Corr 2022"]
[Source "ChessBase"]
[SourceDate "2021.10.24"]
[SourceVersion "1"]
[SourceVersionDate "2021.10.24"]
[SourceQuality "1"]

1. d4 Nf6 2. Nf3 d5 3. e3 Bg4 4. c4 Nbd7 5. cxd5 Nxd5 6. Nc3 e6 7. Be2 N7f6 8. Qb3 Rb8 9. 0-0 c6 10. h3 Bh5 11. Ne5 Bxe2 12. Nxe2 Qb6 13. Qd3 Nb4 14. Qb1 c5 15. Bd2 Nc6 16. Nxc6 bxc6 17. b3 Qa6 18. Qc2 Qxe2 19. Rfe1 Qb5 20. Rab1 cxd4 21. exd4 Bd6 22. a4 Qd5 0-1

[Event "BI-2013-F-0024"]
[Site "LSS email"]
[Date "2014.02.21"]
[Round "?"]
[White "Van Esbroeck, Jeff"]
[Black "Morau, Jose Roberto"]
[Result "0-1"]
[WhiteElo "569"]
[BlackElo "1223"]
[PlyCount "40"]
[EventDate "2014.02.27"]
[EventType "tourn (corr)"]
[EventRounds "10"]
[EventCountry "GER"]
[SourceTitle "Corr 2015"]
[Source "ChessBase"]
[SourceDate "2015.07.17"]
[SourceVersion "1"]
[SourceVersionDate "2015.07.17"]
[SourceQuality "1"]

1. e4 e5 2. Nf3 Nf6 3. Nc3 Nc6 4. Bc4 Nxe4 5. Nxe4 d5 6. Bxd5 Qxd5 7. d3 Bg4 8. 0-0 0-0-0 9. h3 Bh5 10. c4 Qxd3 11. Qxd3 Rxd3 12. Nc5 Bxc5 13. a3 Bxf3 14. gxf3 Nd4 15. Be3 Nxf3+ 16. Kg2 Bxe3 17. Kxf3 Bd4+ 18. Ke4 Rxh3 19. Rae1 g6 20. f4 Re8 0-1

[Event "SE-2013-0-00152"]
[Site "LSS email"]
[Date "2013.12.17"]
[Round "?"]
[White "Chmela, Zdenek"]
[Black "Morau, Jose Roberto"]
[Result "1-0"]
[WhiteElo "1880"]
[BlackElo "1194"]
[PlyCount "31"]
[EventDate "2013.09.30"]
[EventType "tourn (corr)"]
[EventRounds "6"]
[EventCountry "GER"]
[SourceTitle "Telechess CBM 167"]
[Source "ChessBase"]
[SourceDate "2015.07.13"]
[SourceVersion "1"]
[SourceVersionDate "2015.07.13"]
[SourceQuality "1"]

1. d4 d5 2. c4 dxc4 3. e3 e5 4. Bxc4 Bb4+ 5. Nc3 Bxc3+ 6. bxc3 Nf6 7. Qb3 0-0 8. Ba3 Re8 9. Bxf7+ Kh8 10. dxe5 Rxe5 11. Nf3 Nbd7 12. Rd1 Ra5 13. Bb4 Ra6 14. Ne5 Rb6 15. Bc4 Qe8 16. Nf7+ 1-0

[Event "SE-2013-0-00152"]
[Site "LSS email"]
[Date "2013.12.17"]
[Round "?"]
[White "Latib, Ali"]
[Black "Morau, Jose Roberto"]
[Result "1-0"]
[WhiteElo "1582"]
[BlackElo "1194"]
[PlyCount "31"]
[EventDate "2013.09.30"]
[EventType "tourn (corr)"]
[EventRounds "6"]
[EventCountry "GER"]
[SourceTitle "Telechess CBM 167"]
[Source "ChessBase"]
[SourceDate "2015.07.13"]
[SourceVersion "1"]
[SourceVersionDate "2015.07.13"]
[SourceQuality "1"]

1. d4 d5 2. c4 dxc4 3. Nf3 Nf6 4. e3 b5 5. b3 c5 6. bxc4 bxc4 7. Bxc4 cxd4 8. 0-0 Nc6 9. exd4 e6 10. Bb5 Bd7 11. Nc3 Bb4 12. d5 Bxc3 13. dxc6 Bxa1 14. Ba3 Bc3 15. Qd6 Ne4 16. cxd7+ 1-0

[Event "SF-2013-0-00201"]
[Site "LSS email"]
[Date "2013.07.19"]
[Round "?"]
[White "Morau, Jose Roberto"]
[Black "Kratky, Josef"]
[Result "1/2-1/2"]
[WhiteElo "1169"]
[BlackElo "1145"]
[PlyCount "34"]
[EventDate "2013.06.17"]
[EventType "tourn (corr)"]
[EventRounds "6"]
[EventCountry "GER"]
[SourceTitle "Corr 2015"]
[Source "ChessBase"]
[SourceDate "2015.07.17"]
[SourceVersion "1"]
[SourceVersionDate "2015.07.17"]
[SourceQuality "1"]

1. e4 c5 2. Nc3 Nc6 3. Nf3 d6 4. d4 cxd4 5. Nxd4 Nf6 6. Bc4 e6 7. 0-0 Bd7 8. Be3 Be7 9. f4 0-0 10. Ndb5 Bc8 11. Bb3 a6 12. Nd4 Qc7 13. f5 Nxd4 14. Bxd4 b5 15. fxe6 Bxe6 16. Nd5 Bxd5 17. exd5 Rac8 1/2-1/2

[Event "SF-2013-0-00201"]
[Site "LSS email"]
[Date "2013.07.19"]
[Round "?"]
[White "Morau, Jose Roberto"]
[Black "MacDonald, Rob"]
[Result "1-0"]
[WhiteElo "1169"]
[BlackElo "1180"]
[PlyCount "125"]
[EventDate "2013.06.17"]
[EventType "tourn (corr)"]
[EventRounds "6"]
[EventCountry "GER"]
[SourceTitle "Telechess CBM 163"]
[Source "ChessBase"]
[SourceDate "2014.11.11"]
[SourceVersion "2"]
[SourceVersionDate "2014.11.11"]
[SourceQuality "1"]

1. e4 c5 2. Nc3 Nc6 3. Nge2 e6 4. d4 cxd4 5. Nxd4 Qc7 6. Ndb5 Qb8 7. Be3 Nf6 8. f4 e5 9. fxe5 Nxe5 10. Qd4 a6 11. Bf4 Nf3+ 12. gxf3 Qxf4 13. e5 Qxd4 14. Nxd4 Nh5 15. Nd5 Rb8 16. Nf5 b5 17. Nd6+ Bxd6 18. exd6 0-0 19. a4 bxa4 20. Rxa4 Rxb2 21. Kd2 Rb1 22. Ne7+ Kh8 23. Nxc8 Rxc8 24. Bxa6 Rxc2+ 25. Kxc2 Rxh1 26. Bb5 Rxh2+ 27. Kc3 g6 28. Bxd7 Nf6 29. Bc6 Re2 30. Rd4 Re6 31. Kd3 h5 32. d7 Nxd7 33. Bxd7 Re7 34. f4 Kh7 35. Bh3 Ra7 36. Ke2 Ra3 37. Bf1 Kg7 38. Kf2 Kf6 39. Bd3 Ra2+ 40. Kf3 Ra1 41. Rd5 Rh1 42. Rc5 Rh3+ 43. Ke4 Ke6 44. Bc4+ Kd6 45. Rd5+ Ke7 46. Re5+ Kf6 47. Rc5 Rh4 48. Rc6+ Ke7 49. Ke5 f6+ 50. Rxf6 g5 51. Re6+ Kd8 52. Kd6 Rxf4 53. Rh6 Kc8 54. Rh8+ Kb7 55. Bd5+ Kb6 56. Rb8+ Ka5 57. Kc5 Rf6 58. Rb5+ Ka6 59. Rb8 Ka5 60. Ra8+ Ra6 61. Rf8 Rb6 62. Bc4 Ra6 63. Rf3 1-0

[Event "BI-2013-P-00009"]
[Site "LSS email"]
[Date "2013.04.22"]
[Round "?"]
[White "Morau, Jose Roberto"]
[Black "Dard, Michel"]
[Result "0-1"]
[WhiteElo "1169"]
[BlackElo "2168"]
[PlyCount "60"]
[EventDate "2013.04.25"]
[EventType "tourn (corr)"]
[EventRounds "12"]
[EventCountry "GER"]
[SourceTitle "Telechess CBM 163"]
[Source "ChessBase"]
[SourceDate "2014.11.11"]
[SourceVersion "2"]
[SourceVersionDate "2014.11.11"]
[SourceQuality "1"]

1. e4 e6 2. d4 d5 3. e5 c5 4. Nf3 Nc6 5. Bb5 Bd7 6. 0-0 Nxe5 7. Bxd7+ Nxd7 8. Nbd2 Ngf6 9. Re1 Be7 10. c3 0-0 11. b3 cxd4 12. Nxd4 Bc5 13. N2f3 Ne4 14. Bb2 e5 15. b4 Bb6 16. Qb3 exd4 17. Nxd4 Ne5 18. f3 Nxf3+ 19. gxf3 Qg5+ 20. Kf1 Nd2+ 21. Kf2 Nxb3 22. axb3 Rfe8 23. Rad1 Qh4+ 24. Kg2 Rxe1 25. Rxe1 Qxe1 26. Kh3 Bxd4 27. cxd4 Re8 28. b5 Re2 29. Ba3 g5 30. Bc5 Qh4# 0-1

[Event "BI-2013-P-00009"]
[Site "LSS email"]
[Date "2013.04.22"]
[Round "?"]
[White "Mostowik, Daniel"]
[Black "Morau, Jose Roberto"]
[Result "1-0"]
[WhiteElo "1763"]
[BlackElo "1169"]
[PlyCount "39"]
[EventDate "2013.04.25"]
[EventType "tourn (corr)"]
[EventRounds "12"]
[EventCountry "GER"]
[SourceTitle "Telechess CBM 163"]
[Source "ChessBase"]
[SourceDate "2014.11.11"]
[SourceVersion "2"]
[SourceVersionDate "2014.11.11"]
[SourceQuality "1"]

1. e4 e5 2. f4 exf4 3. Nf3 g5 4. h4 g4 5. Ne5 Nf6 6. Bc4 d5 7. exd5 Nxd5 8. Qe2 Be7 9. Nc3 c6 10. d4 Bxh4+ 11. Kf1 0-0 12. Nxg4 Re8 13. Ne5 f6 14. Rxh4 fxe5 15. Qh5 Re7 16. Qg5+ Kh8 17. Nxd5 cxd5 18. Qf6+ Kg8 19. Rh5 Nd7 20. Rg5+ 1-0

[Event "BI-2013-P-00009"]
[Site "LSS email"]
[Date "2013.04.22"]
[Round "?"]
[White "Simmelink, Joop Theo"]
[Black "Morau, Jose Roberto"]
[Result "1-0"]
[WhiteElo "2286"]
[BlackElo "1169"]
[PlyCount "29"]
[EventDate "2013.04.25"]
[EventType "tourn (corr)"]
[EventRounds "12"]
[EventCountry "GER"]
[SourceTitle "Corr 2015"]
[Source "ChessBase"]
[SourceDate "2015.07.17"]
[SourceVersion "1"]
[SourceVersionDate "2015.07.17"]
[SourceQuality "1"]

1. e4 e5 2. Nf3 Nf6 3. d4 exd4 4. e5 Qe7 5. Be2 Ng4 6. Qxd4 Nc6 7. Qxg4 d6 8. Qe4 Nxe5 9. 0-0 Ng4 10. Qd4 Bf5 11. Nc3 Qf6 12. Re1 0-0-0 13. Qxa7 Bxc2 14. Qa8+ Kd7 15. Bb5+ 1-0

[Event "Remote 7er 0094 email"]
[Site "Remote email"]
[Date "2012.11.19"]
[Round "?"]
[White "Morau, Jose Roberto"]
[Black "Bertram, Mike"]
[Result "1-0"]
[WhiteElo "1989"]
[BlackElo "1975"]
[PlyCount "51"]
[EventDate "2012.??.??"]
[EventType "tourn (corr)"]
[EventRounds "6"]
[EventCountry "GER"]
[SourceTitle "Corr 2015"]
[Source "ChessBase"]
[SourceDate "2015.07.17"]
[SourceVersion "1"]
[SourceVersionDate "2015.07.17"]
[SourceQuality "1"]

1. e4 c6 2. d4 d5 3. e5 Bf5 4. Nf3 e6 5. Nbd2 Nd7 6. Nb3 f6 7. Bd3 Ne7 8. Bxf5 Nxf5 9. g4 Nh6 10. Bxh6 gxh6 11. Qe2 Bg7 12. h4 Qe7 13. 0-0-0 0-0-0 14. Qe3 Kb8 15. exf6 Qxf6 16. Rhe1 Rhf8 17. Rd3 Rde8 18. Qd2 e5 19. dxe5 Nxe5 20. Rde3 Qf4 21. Nc5 Qxf3 22. Rxf3 Nxf3 23. Rxe8+ Rxe8 24. Qf4+ Ne5 25. Nd7+ Kc8 26. Nxe5 1-0

[Event "Remote 7er 0094 email"]
[Site "Remote email"]
[Date "2012.11.19"]
[Round "?"]
[White "Valverde Lopez, Mario"]
[Black "Morau, Jose Roberto"]
[Result "1-0"]
[WhiteElo "2161"]
[BlackElo "1989"]
[PlyCount "119"]
[EventDate "2012.??.??"]
[EventType "tourn (corr)"]
[EventRounds "6"]
[EventCountry "GER"]
[SourceTitle "Corr 2015"]
[Source "ChessBase"]
[SourceDate "2015.07.17"]
[SourceVersion "1"]
[SourceVersionDate "2015.07.17"]
[SourceQuality "1"]

1. d4 d5 2. c4 e6 3. Nc3 Nf6 4. Nf3 Nbd7 5. Bg5 c6 6. e3 Qa5 7. Qb3 Ne4 8. cxd5 exd5 9. Bd3 Nxg5 10. Nxg5 Be7 11. Nf3 0-0 12. 0-0 Nf6 13. Ne5 Bd6 14. f4 Qc7 15. Qc2 Be6 16. Na4 Rae8 17. Rae1 Re7 18. Rc1 Rfe8 19. Rf3 Kh8 20. h3 Ne4 21. a3 f6 22. Ng4 Bxg4 23. hxg4 g5 24. Nc5 gxf4 25. Bxe4 dxe4 26. Rff1 fxe3 27. Qe2 Bh2+ 28. Kh1 Bf4 29. d5 cxd5 30. Ne6 Rxe6 31. Rxc7 Bxc7 32. Qxe3 Bb6 33. Qh6 f5 34. Qh4 Be3 35. Rxf5 d4 36. g5 d3 37. Rf7 h6 38. g6 Rxg6 39. Qh3 Rd8 40. Qxe3 d2 41. Qc3+ Kg8 42. Rd7 d1Q+ 43. Rxd1 Rxd1+ 44. Kh2 Re6 45. Qc8+ Kf7 46. Qxb7+ Re7 47. Qb3+ Kf6 48. Qxd1 Rg7 49. Qd4+ Kg6 50. Qxe4+ Kf6 51. Qf4+ Kg6 52. Qg4+ Kh7 53. Qe4+ Kg8 54. Kh3 Kf8 55. Qa8+ Kf7 56. Qxa7+ Kg6 57. Qxg7+ Kxg7 58. b4 Kf7 59. g4 Ke6 60. Kh4 1-0

[Event "CP-2012-P-00062"]
[Site "LSS email"]
[Date "2012.10.01"]
[Round "?"]
[White "Morau, Jose Roberto"]
[Black "Hughes, Chris"]
[Result "1-0"]
[WhiteElo "1261"]
[BlackElo "768"]
[PlyCount "51"]
[EventDate "2012.10.05"]
[EventType "tourn (corr)"]
[EventRounds "6"]
[EventCountry "GER"]
[SourceTitle "Telechess CBM 163"]
[Source "ChessBase"]
[SourceDate "2014.11.11"]
[SourceVersion "2"]
[SourceVersionDate "2014.11.11"]
[SourceQuality "1"]

1. e4 e6 2. d4 d5 3. e5 c5 4. Nf3 Nc6 5. Bb5 Bd7 6. 0-0 Nxe5 7. Bxd7+ Nxd7 8. Nbd2 Ngf6 9. Re1 g6 10. c4 Be7 11. b3 0-0 12. cxd5 Nxd5 13. Nc4 b5 14. Ne3 Bf6 15. Ba3 Rc8 16. Rc1 Be7 17. Nxd5 exd5 18. Qe2 Re8 19. dxc5 Bxc5 20. Qxe8+ Qxe8 21. Rxe8+ Rxe8 22. Bxc5 a6 23. Nd4 Rc8 24. Ba3 Rb8 25. Nc6 Rc8 26. Ne7+ 1-0